El agua en las llanuras (Registro nro. 4716)

Detalles MARC
000 -CABECERA
Campo de control 00703nam a2200229 a 4500
005 - FECHA Y HORA DE LA ULTIMA TRANSACCION
Campo de control 20160225104727.0
008 - ELEMENTOS DE LONGITUD FIJA—INFORMACION GENERAL
Campo de control 140317s1994 uy ab fr|||| 000 0 spa d
020 ## - ISBN
ISBN 9290890411
040 ## - FUENTE DE CATALOGACIÓN
Agencia catalogadora original CO-BoIAVH
Agencia transcriptora CO-BoIAVH
041 0# - IDIOMA
Código de idioma para texto/pista de sonido o título separado Español
044 ## - PAÍS DE PUBLICACIÓN
País de publicación Uruguay
082 04 - NUMERO DE CLASIFICACION DECIMAL DEWEY
Número de clasificación 553.7
Número del ítem F99a
100 1# - ASIENTO PRINCIPAL--NOMBRE PERSONAL
Nombre personal Fuschini Mejía, Mario C.
9 (RLIN) 22199
245 13 - MENCION DE TITULO
Título El agua en las llanuras
260 ## - PUBLICACION, DISTRIBUCION, ETC. (PIE DE IMPRENTA)
Lugar de publicación, distribución, etc. Montevideo :
Nombre del editor, distribuidor, etc. UNESCO :
-- ORCYT,
Fecha de publicación, distribución, etc. 1994.
300 ## - DESCRIPCION FISICA
Extensión 59 páginas :
Otros detalles físicos Ilustraciones, mapas ;
Dimensiones 30 x 22 cm.
650 14 - ASIENTO SECUNDARIO DE MATERIA - TERMINO TEMATICO
Término temático o nombre geográfico como elemento de entrada Hidrología
Subdivisión general Llanuras
9 (RLIN) 62711
650 26 - ASIENTO SECUNDARIO DE MATERIA - TERMINO TEMATICO
Término temático o nombre geográfico como elemento de entrada Evapotranspiración
9 (RLIN) 11615
650 26 - ASIENTO SECUNDARIO DE MATERIA - TERMINO TEMATICO
Término temático o nombre geográfico como elemento de entrada Agua superficial
Subdivisión general Manejo
9 (RLIN) 62712
650 26 - ASIENTO SECUNDARIO DE MATERIA - TERMINO TEMATICO
Término temático o nombre geográfico como elemento de entrada Aguas subterráneas
Subdivisión general Administración.
9 (RLIN) 62713
942 ## - ELEMENTOS ADICIONALES (KOHA)
Tipo de ítem Libro
Sistema de clasificación Dewey Decimal Classification
Existencias
Withdrawn status Lost status Sistema de Clasificación Damaged status No para préstamo Colección Inventariado Ubicación Permanente Ubicación actual Fecha de adquisición Fuente de Valor Valor Total Checkouts Número topográfico Inventario / Código de Barras Date last seen Ejemplar Price effective from Forma de adquisición Tipo de material
    Dewey Decimal Classification     General Inventariado 2017 Bogotá Bogotá 26/07/2005 Instituto 39000.00   LB-553.7 F99a 019478 04/12/2012 Ej. 1 04/12/2012   Libro